Normal view
MARC view
- Forst, Martin L.
Entry Personal Name
001 - CONTROL NUMBER
- control field: 3912
003 - CONTROL NUMBER IDENTIFIER
- control field: OSt
005 - DATE AND TIME OF LATEST TRANSACTION
- control field: 20170512113845.0
008 - FIXED-LENGTH DATA ELEMENTS
- fixed length control field: 170512|| aca||aabn | a|a d
040 ## - CATALOGING SOURCE
- Original cataloging agency: OSt
- Transcribing agency: OSt
100 ## - HEADING--PERSONAL NAME
- Personal name: Forst, Martin L.
- Fuller form of name: (Martin Lyle)
670 ## - SOURCE DATA FOUND
- Source citation: Work cat.: (OSt): Sentencing reform, c1982.

PORTAL AKMAL
E-MEL JKDM
AKMAL2U
G-BAM
u-PUSTAKA